Rapports... (Record no. 46663)

MARC details
000 -LEADER
campo de control de longitud fija 00664nam a2200193 i 4500
001 - NÚMERO DE CONTROL
campo de control 46663
003 - IDENTIFICADOR DE NÚMERO DE CONTROL
campo de control ES-MaACL
005 - FECHA Y HORA DE LA ÚLTIMA TRANSACCIÓN
campo de control 20250809035826.0
007 - CAMPO FIJO DE DESCRIPCIÓN FÍSICA--INFORMACIÓN GENERAL
campo de control de longitud fija t|
008 - DATOS DE LONGITUD FIJA--INFORMACIÓN GENERAL
campo de control de longitud fija 030331m18961897fr |||| | fre d
111 2# - ENTRADA PRINCIPAL--NOMBRE DE CONGRESO/REUNIÓN
Nombre de congreso/reunión o jurisdicción como elemento de entrada Congreso Penitenciario Internacional (
Número del congreso/reunión o número de parte o sección 5º.
Fecha del congreso o de la firma del tratado 1895.
Sede del congreso/Lugar de la reunión París)
9 (RLIN) 276
245 10 - MENCIÓN DEL TÍTULO
Título Rapports...
Resto del título : compte rendu /
Mención de responsabilidad, etc. Congrés Penitentiaire International.
260 ## - PUBLICACIÓN, DISTRIBUCIÓN, ETC.
Lugar de publicación, distribución, etc. Melun :
Nombre del editor, distribuidor, etc. [s.n.,
Fecha de publicación, distribución, etc. 1896-97] (
Fabricante Imp. Administrative)
300 ## - DESCRIPCIÓN FÍSICA
Extensión 6 v. ;
Dimensiones 26 cm.
650 #4 - PUNTO DE ACCESO ADICIONAL DE MATERIA--TÉRMINO DE MATERIA
Término de materia o nombre geográfico como elemento de entrada Establecimientos penitenciarios-
Subdivisión de forma Congresos y asambleas.
9 (RLIN) 163123
650 #7 - PUNTO DE ACCESO ADICIONAL DE MATERIA--TÉRMINO DE MATERIA
Término de materia o nombre geográfico como elemento de entrada Derecho penitenciario
Fuente del encabezamiento o término embne
9 (RLIN) 188563
852 ## - LOCALIZACIÓN
Ubicación ES-MaACL
Número de control de estantería G-12480-85
Holdings
Estatus retirado Estado de pérdida Estado de daño No para préstamo Colección Biblioteca de origen Biblioteca actual Ubicación en estantería Fecha de adquisición Fuente de adquisición Total de préstamos Signatura topográfica completa Código de barras Visto por última vez Precio de reemplazo Tipo de ítem Koha
        Libros del s. XIX Biblioteca del Ateneo de Madrid Biblioteca del Ateneo de Madrid Sala Pecera Planta 3 17/01/2008     G-12480-85 1049079 23/02/2023 23/02/2023 Libro impreso antiguo